000 01042nam a2200277 i 4500
001 106508
003 ES-MaACL
005 20250818063054.0
007 t|
008 061124s1976 sp ||||1| spa d
080 _a75 Martín, Mary (083.82)
100 1 _aMartin, Mary,
_d1907-1969
_9237801
245 1 0 _aMary Martín
_b: [exposición, Sala del Prado del Ateneo de Madrid, mayo de 1976] /
_c[texto: Juan de la Cabada].
260 _aMadrid :
_bAteneo de Madrid,
_c1976.
300 _a[12] p. :
_bil. ;
_c26 cm.
490 1 _aAteneo de Madrid. Sala del Prado
600 1 4 _aMartín, Mary,
_d1907-1969-
_vExposiciones
_977354
610 2 7 _aAteneo de Madrid-
_vExposiciones-
_y1970-1979.
_91921
655 7 _2tgfbne
_9193628
_aCatálogos de exposiciones
700 1 _aCabada, Juan de la.
_933054
710 2 _aAteneo de Madrid.
_bSala del Prado.
_91965
830 0 0 _aAteneo de Madrid.
_pSala del Prado
_9185209
852 _aES-MaACL
_j2209-F-15
_9110550
_bR.138262
_cDEPOF
942 _2udc
_cFOLLETOS
999 _c106508
_d106508